Three Word Book* Titles A-Z Quiz Stats

 Plays Quiz not verified by Sporcle

Score 0/24 Timer 05:00
0 Plays Today
Author Literature % Correct
Jane AustenPride and Prejudice
99.1%
Dan BrownAngels & Demons
92.8%
Aldous HuxleyBrave New World
91.9%
A.A. MilneWinnie the Pooh
89.2%
Jack KerouacOn the Road
88.3%
Harriet Beecher StoweUncle Tom's Cabin
85.6%
John SteinbeckEast of Eden
83.8%
Joseph ConradHeart Of Darkness
80.2%
Truman CapoteIn Cold Blood
73%
D. H. LawrenceSons and Lovers
66.7%
Yann MartelLife of Pi
63.1%
Chinua AchebeThings Fall Apart
59.5%
Author Literature % Correct
Dr. Seuss*Yertle the Turtle
58.6%
Thomas HardyJude The Obscure
57.7%
Elizabeth GaskellNorth and South
51.4%
J. D. SalingerFranny and Zooey
50.5%
William ShakespeareMeasure for Measure
50.5%
John UpdikeRabbit Is Rich
34.2%
Thomas MannDeath in Venice
33.3%
Alan Moore and David LloydV for Vendetta
27%
Rider HaggardKing Solomon's Mines
26.1%
Louis de BernieresCaptain Corelli's Mandolin
25.2%
Robert C. O'BrienZ for Zachariah
9%
James HiltonGoodbye, Mr. Chips
8.1%

You're not logged in!

Compare scores with friends on all Sporcle quizzes.
OR
Log In

Sporcle TV

Today on Sporcle TV


Watch our educational content, quiz creation guides, and fun videos on Sporcle TV.

Show Comments

Extras

Top Quizzes Today


Score Distribution

Your Account Isn't Verified!

In order to create a playlist on Sporcle, you need to verify the email address you used during registration. Go to your Sporcle Settings to finish the process.

Report this User

Report this user for behavior that violates our Community Guidelines.

Details: